| 000 | 00356nam a2200145Ia 4500 | ||
|---|---|---|---|
| 003 | OSt | ||
| 005 | 20240129121238.0 | ||
| 008 | 170523s9999 xx 000 0 und d | ||
| 020 | _a 978-0074637647 | ||
| 040 | _cIIMT UNIVERSITY | ||
| 100 | _aNEWSTEROM- DAVIS | ||
| 245 | 0 | _aORGANIZATIONAL BEHAVIOUR | |
| 260 | _bDELHI TATA MC GRAW HILL | ||
| 942 |
_2ddc _c02 |
||
| 999 |
_c159 _d159 |
||